Score 0/29 Timer 04:00
2 Plays Today
Hint Word % Correct
MasculineMALE
86.2%
U2 singerBONO
84.7%
Burrowing mammalMOLE
81.6%
Sewer dwellersRATS
79.6%
After dinner candyMINT
79.5%
Fur coat animalMINK
79.2%
Prefix meaning oneMONO
78.7%
Religious hermitMONK
77.7%
Sleigh dog commandMUSH
77.3%
Lion's prideMANE
76.9%
A great quantityMUCH
76.5%
Sound speed:___ 1MACH
73.8%
Decays over timeROTS
69.5%
Purse-kept weaponMACE
68%
Tampa Bay teamRAYS
63.6%
Hint Word % Correct
Clue formed by combining the four dropped lettersBOOK
56.7%
Auction groupingsLOTS
55.8%
Lech Walesa, for onePOLE
44.6%
Puts downLAYS
42.2%
Erato, for exampleMUSE
40.8%
Clue formed by combining the four dropped lettersEACH
40.3%
Clue formed by combining the four dropped lettersNAME
36.2%
He fought for TexasPOLK
31.4%
Clue formed by combining the four dropped lettersLOTR (Lord of the Rings)
30.4%
The PrequelThe Hobbit
21.4%
The AuthorJ.R.R. Tolkien
20.7%
Answer #2The Two Towers
17.7%
Answer #1The Fellowship of the Ring
16.9%
Answer #3The Return of the King
16.2%

Today's Daily Dose

Remove Ads.
Support Sporcle.
Get the best of Sporcle when you Go Orange. This ad-free experience offers more features, more stats, and more fun while also helping to support Sporcle. Thank you for becoming a member.

You're not logged in!

Compare scores with friends on all Sporcle quizzes.
OR
Log In

Show Comments

Extras

Top Quizzes Today


Score Distribution

Your Account Isn't Verified!

In order to create a playlist on Sporcle, you need to verify the email address you used during registration. Go to your Sporcle Settings to finish the process.

Report this User

Report this user for behavior that violates our Community Guidelines.

Details: